000
00318nam a22001337a 4500
020
_a
978-1-4052-2846-6
082
_a
823
_b
BLY/M
100
_a
ENID BLYTON
245
_a
MYSTERY OF BANSHEE TOWERS
260
_a
GREAT BRITAIN
_b
EGMONT
_c
1961
300
_a
198
650
_a
CHILDRENS STORY BOOK
_z
UNITED KINGDOM
942
_c
BK
999
_c
157
_d
157